[Event "Mlada Boleslav Region-ch U20"]
[Site "Mlada Boleslav"]
[Date "2014.06.22"]
[Round "5"]
[White "Lang, David"]
[Black "Vrbova, Eva"]
[Result "0-1"]
[WhiteElo "1276"]
[BlackElo "1348"]
[PlyCount "78"]
[EventDate "2014.06.21"]
[EventType "swiss"]
[EventRounds "7"]
[EventCountry "CZE"]
[SourceTitle "EXT 2016"]
[Source "ChessBase"]
[SourceDate "2015.10.08"]
[SourceVersion "1"]
[SourceVersionDate "2015.10.08"]
[SourceQuality "1"]

1. e4 c5 2. Nc3 e6 3. Nf3 Nc6 4. d4 cxd4 5. Nxd4 a6 6. Nxc6 bxc6 7. Bd3 d5 8. exd5 cxd5 9. 0-0 Bb7 10. Re1 Bc5 11. Be3 Bxe3 12. Rxe3 d4 13. Rg3 dxc3 14. bxc3 g6 15. Qg4 Nf6 16. Qa4+ Qd7 17. Qxd7+ Kxd7 18. Rd1 Ke7 19. a4 Rhd8 20. Rc1 Rac8 21. c4 Be4 22. Bf1 Bc6 23. a5 Ne4 24. Re3 Nd2 25. Be2 Ba8 26. c5 Rxc5 27. Bxa6 Rxa5 28. Be2 Ne4 29. Bf3 Nf6 30. Bxa8 Raxa8 31. g3 Rac8 32. Re2 Rd7 33. c4 Rdc7 34. Rec2 Nd7 35. Kg2 Rc5 36. Rc3 Ne5 37. R1c2 Rxc4 38. Rxc4 Rxc4 39. Re2 Nd7 0-1